000 00946nam0a22002411 4500
001 rc\2815681
005 20250806211118.0
035 _a(NLR Aleph) 006941426
090 _a39195
_c39195
100 _a20110915d1945 u y0rusy50 ca
101 0 _arus
102 _aRU
105 _ay z |||||
200 1 _aПравила по технике безопасности и производственной санитарии на подсочных промысловых и лесохиимческих производствах Наркомлеса СССР
_fНаркомлес СССР. Отд. труда и зар. платы
210 _aМосква
_cГослестехиздат
_d1945
215 _a44 с.
_d22 см.
801 0 _aRU
_bNLR
_gpsbo
801 1 _aRU
_bELAR
_2rusmarc
852 _aNLR
_jС60 Г-6/62
942 _cBOOK
945 _aРоссийская национальная библиотека
980 _aNB
980 _aBV